[Event "Guernsey International Holiday 2014"]
[Site "Guernsey, GCI"]
[Date "2014.10.22"]
[Round "4"]
[White "Bennett, David"]
[Black "Newrick, William R"]
[Result "1/2-1/2"]
[WhiteElo "1360"]
[BlackElo "1383"]
[PlyCount "56"]
[EventDate "2014.10.19"]
[EventType "swiss"]
[EventRounds "7"]
[SourceDate "2015.01.07"]

1. Nf3 d5 2. d4 Nf6 3. Bf4 e6 4. a3 c5 5. Bxb8 Rxb8 6. e3 cxd4 7. exd4 Bd6 8.
Nbd2 O-O 9. Be2 Qc7 10. Ne5 Bxe5 11. dxe5 Qxe5 12. Rb1 Bd7 13. Nf3 Qc7 14. O-O
Bc6 15. Qd4 Nd7 16. b4 e5 17. Qc3 d4 18. Qd2 Nf6 19. Rbc1 Bxf3 20. Bxf3 e4 21.
Be2 Rbd8 22. Qg5 Rd5 23. Qd2 Qc3 24. Qxc3 dxc3 25. Bc4 Rd2 26. h3 Rfd8 27. Rfe1
R8d4 28. Bb3 g6 1/2-1/2

[Event "Guernsey International Holiday 2014"]
[Site "Guernsey, GCI"]
[Date "2014.10.22"]
[Round "4"]
[White "Harnden, Terry"]
[Black "Brown, Jim"]
[Result "1-0"]
[WhiteElo "1496"]
[BlackElo "1195"]
[PlyCount "43"]
[EventDate "2014.10.19"]
[EventType "swiss"]
[EventRounds "7"]
[SourceDate "2015.01.07"]

1. e4 c6 2. d4 d6 3. Nf3 Nd7 4. Nc3 e6 5. Be3 Be7 6. Qd2 a6 7. a4 Ngf6 8. h3 h6
9. Be2 Nh7 10. h4 O-O 11. g4 f6 12. O-O-O b5 13. Rdg1 b4 14. Na2 a5 15. g5 fxg5
16. hxg5 Bxg5 17. Nxg5 Ndf6 18. Bd3 Qe7 19. Nxh7 Nxh7 20. Bxh6 Rf7 21. e5 Kf8
22. Bg5 1-0

[Event "Guernsey International Holiday 2014"]
[Site "Guernsey, GCI"]
[Date "2014.10.23"]
[Round "5"]
[White "O'Connell, Denis"]
[Black "Stuart, Brian"]
[Result "1/2-1/2"]
[WhiteElo "1628"]
[BlackElo "1735"]
[PlyCount "28"]
[EventDate "2014.10.19"]
[EventType "swiss"]
[EventRounds "7"]
[SourceDate "2015.01.07"]

1. e4 c5 2. b4 b6 3. Nf3 e6 4. bxc5 bxc5 5. Nc3 Nc6 6. Rb1 Be7 7. Bc4 d6 8. Qe2
Bd7 9. O-O Nf6 10. d3 O-O 11. h3 a6 12. a3 Qc7 13. Be3 Rfb8 14. Qd2 Qc8 1/2-1/2

[Event "Guernsey International Holiday 2014"]
[Site "Guernsey, GCI"]
[Date "2014.10.23"]
[Round "5"]
[White "Day, Fred"]
[Black "Bateman, Kerry"]
[Result "0-1"]
[WhiteElo "1420"]
[BlackElo "1717"]
[PlyCount "104"]
[EventDate "2014.10.19"]
[EventType "swiss"]
[EventRounds "7"]
[SourceDate "2015.01.07"]

1. c4 Nf6 2. Nc3 g6 3. d4 c5 4. d5 e6 5. e4 exd5 6. exd5 d6 7. Be2 Bg7 8. Nf3
O-O 9. O-O a6 10. a4 Re8 11. h3 Bf5 12. Nh4 Bd7 13. Nf3 Bf5 14. Nh4 Qc8 15.
Nxf5 Qxf5 16. g4 Qe5 17. Be3 Ne4 18. Nxe4 Qxe4 19. Rb1 Nd7 20. Bd3 Qe7 21. b3
Ne5 22. Be2 Qh4 23. Kg2 Bh6 24. Bxh6 Qxh6 25. f4 Nd7 26. g5 Qg7 27. Bg4 Nf8 28.
h4 h5 29. Bh3 Re3 30. Rf3 Qc3 31. Rxe3 Qxe3 32. Qf3 Qd2+ 33. Kh1 Re8 34. Bf1
Re1 35. Rxe1 Qxe1 36. Kh2 Qxh4+ 37. Bh3 Qe1 38. Bc8 Qd2+ 39. Kg1 Nh7 40. Bxb7
a5 41. Bc8 Kf8 42. Bh3 Qe1+ 43. Kh2 Ke7 44. Qg2 Qe3 45. Qf1 Qd2+ 46. Kh1 f6 47.
Be6 Qe3 48. Bg8 Nf8 49. gxf6+ Kxf6 50. Kg2 Qe4+ 51. Kg3 Kf5 52. Qh3+ Kf6 0-1

[Event "Guernsey International Holiday 2014"]
[Site "Guernsey, GCI"]
[Date "2014.10.23"]
[Round "5"]
[White "Glover, John"]
[Black "Kemperink, Han"]
[Result "1-0"]
[WhiteElo "1735"]
[BlackElo "1651"]
[PlyCount "109"]
[EventDate "2014.10.19"]
[EventType "swiss"]
[EventRounds "7"]
[SourceDate "2015.01.07"]

1. Nf3 d5 2. c4 e6 3. g3 Nf6 4. Bg2 Be7 5. O-O O-O 6. b3 c5 7. Bb2 Nc6 8. d3 b6
9. Nbd2 Bb7 10. Ne5 Nxe5 11. Bxe5 Nd7 12. Bb2 Bf6 13. Qc2 Bxb2 14. Qxb2 Qf6 15.
Rab1 Rab8 16. h3 Qxb2 17. Rxb2 f5 18. f4 d4 19. Bxb7 Rxb7 20. Nf3 Nf6 21. b4
Rfb8 22. Rfb1 Nd7 23. bxc5 Nxc5 24. Nxd4 Re8 25. Nf3 Rc7 26. Ne5 Nd7 27. Nxd7
Rxd7 28. a4 e5 29. fxe5 Rxe5 30. Kf2 Rde7 31. Ra2 Kf7 32. Rb5 Kf6 33. a5 Rxb5
34. cxb5 Ke5 35. axb6 axb6 36. Ra6 Rb7 37. Ra8 Kd4 38. Rc8 Rf7 39. Rc4+ Kd5 40.
Kf3 Re7 41. Rc6 Re6 42. Rc7 g6 43. e3 h6 44. h4 h5 45. Rc3 Rf6 46. d4 Re6 47.
Rc7 Rd6 48. Re7 Kc4 49. Re5 Rd5 50. Kf4 Rxb5 51. Rxb5 Kxb5 52. d5 Kc5 53. Ke5
b5 54. d6 Kc6 55. Ke6 1-0

[Event "Guernsey International Holiday 2014"]
[Site "Guernsey, GCI"]
[Date "2014.10.23"]
[Round "5"]
[White "Hoogakker, Peter"]
[Black "Baart, Edwin"]
[Result "0-1"]
[WhiteElo "1757"]
[BlackElo "1681"]
[PlyCount "70"]
[EventDate "2014.10.19"]
[EventType "swiss"]
[EventRounds "7"]
[SourceDate "2015.01.07"]

1. e4 e5 2. Bc4 Nf6 3. d3 Bc5 4. Nf3 Nc6 5. O-O d6 6. c3 Be6 7. Bb5 a6 8. Ba4
b5 9. Bc2 O-O 10. d4 exd4 11. cxd4 Bc4 12. dxc5 Bxf1 13. Qxf1 dxc5 14. Bg5 Qd6
15. Nc3 Qe6 16. Bf4 Nd4 17. Nxd4 cxd4 18. Nd5 Nxd5 19. exd5 Qxd5 20. Qd3 g6 21.
Bxc7 Rac8 22. Bf4 Qc4 23. Qxc4 bxc4 24. Rd1 Rfe8 25. Kf1 d3 26. Ba4 Re2 27. Bd2
Rc5 28. Bc3 Rf5 29. Be1 Rxb2 30. Bd7 Rd5 31. Bc3 Rc2 32. Bf6 Rd6 33. Ba1 Rxd7
34. Re1 Rd8 35. Bf6 Rc8 0-1

[Event "Guernsey International Holiday 2014"]
[Site "Guernsey, GCI"]
[Date "2014.10.23"]
[Round "5"]
[White "Zonneveld, Jos"]
[Black "Savident, David B"]
[Result "1/2-1/2"]
[WhiteElo "1528"]
[BlackElo "1734"]
[PlyCount "58"]
[EventDate "2014.10.19"]
[EventType "swiss"]
[EventRounds "7"]
[SourceDate "2015.01.07"]

1. e4 c5 2. Nf3 d6 3. Nc3 Nf6 4. d3 g6 5. Be2 Bg7 6. O-O Nc6 7. a3 O-O 8. Nd5
Nxd5 9. exd5 Nd4 10. Nxd4 Bxd4 11. c3 Bg7 12. Bf3 Re8 13. Bg5 Qc7 14. Rc1 b5
15. Rc2 Rb8 16. Re1 e5 17. dxe6 Bxe6 18. Rce2 Rec8 19. Bf4 b4 20. axb4 cxb4 21.
c4 Bd4 22. Be3 Qc5 23. h3 b3 24. Qd2 d5 25. Rc1 Bxe3 26. Rxe3 dxc4 27. dxc4 Rb6
28. Rec3 Rd6 29. Qe2 Rb6 1/2-1/2

[Event "Guernsey International Holiday 2014"]
[Site "Guernsey, GCI"]
[Date "2014.10.23"]
[Round "5"]
[White "Kirk, Matthew"]
[Black "Gstalter, Herbert"]
[Result "1/2-1/2"]
[WhiteElo "1726"]
[BlackElo "1651"]
[PlyCount "45"]
[EventDate "2014.10.19"]
[EventType "swiss"]
[EventRounds "7"]
[SourceDate "2015.01.07"]

1. d4 e6 2. c4 Nf6 3. Nf3 b6 4. a3 Bb7 5. Nc3 Ne4 6. Nxe4 Bxe4 7. e3 a5 8. Bd3
Bxd3 9. Qxd3 Be7 10. O-O O-O 11. e4 d6 12. Be3 a4 13. Rac1 c5 14. d5 e5 15. h3
Qd7 16. Nh2 f5 17. f4 exf4 18. Rxf4 Bf6 19. Rc2 fxe4 20. Qxe4 Re8 21. Qf3 Qe7
22. Bf2 Nd7 23. Ng4 1/2-1/2

[Event "Guernsey International Holiday 2014"]
[Site "Guernsey, GCI"]
[Date "2014.10.23"]
[Round "5"]
[White "Spanjersberg, Hans"]
[Black "Van Hoek, Wim"]
[Result "1/2-1/2"]
[WhiteElo "1648"]
[BlackElo "1720"]
[PlyCount "75"]
[EventDate "2014.10.19"]
[EventType "swiss"]
[EventRounds "7"]
[SourceDate "2015.01.07"]

1. f4 d5 2. b3 c5 3. Nf3 Nc6 4. e3 Nf6 5. Bb5 a6 6. Bxc6+ bxc6 7. Bb2 e6 8. O-O
a5 9. a4 Ba6 10. d3 Qb6 11. Qe2 c4 12. Nbd2 cxd3 13. cxd3 Bb4 14. Rfc1 O-O 15.
Ba3 Bxa3 16. Rxa3 Rfc8 17. Ne5 c5 18. Ra2 Rc7 19. Rac2 Rac8 20. g4 Ne4 21. Nef3
Nxd2 22. Nxd2 f6 23. Kg2 e5 24. Qf3 Qe6 25. f5 Qd6 26. e4 Bb7 27. Qe3 dxe4 28.
dxe4 Qd4 29. Kf3 Ba6 30. Nc4 Bxc4 31. Rxc4 Qxe3+ 32. Kxe3 Kf7 33. Rd1 Rb8 34.
Rd3 Rb4 35. Rdc3 Rxc4 36. Rxc4 Ke7 37. Rc3 Kd6 38. Kd3 1/2-1/2

[Event "Guernsey International Holiday 2014"]
[Site "Guernsey, GCI"]
[Date "2014.10.23"]
[Round "5"]
[White "Ruigrok, Jacques"]
[Black "Finch, Russell"]
[Result "1-0"]
[WhiteElo "1704"]
[BlackElo "1613"]
[PlyCount "97"]
[EventDate "2014.10.19"]
[EventType "swiss"]
[EventRounds "7"]
[SourceDate "2015.01.07"]

1. e4 c5 2. d4 cxd4 3. c3 d3 4. Bxd3 Nc6 5. Nf3 d6 6. h3 Nf6 7. O-O g6 8. Re1
Bg7 9. Nbd2 O-O 10. Nf1 b6 11. Ng3 Bb7 12. Be3 Nd7 13. Nd4 Nc5 14. Bc2 d5 15.
Nf3 Nxe4 16. Nxe4 dxe4 17. Bxe4 Na5 18. Bxb7 Nxb7 19. Bd4 Bxd4 20. Nxd4 Qd7 21.
Qe2 Rfe8 22. Rad1 Nd6 23. h4 Rac8 24. h5 Rc5 25. hxg6 hxg6 26. Nf3 Qb5 27. Rxd6
exd6 28. Qxe8+ Kg7 29. Qxb5 Rxb5 30. Re2 Kf6 31. Rd2 Ke7 32. Nd4 Rc5 33. f4 b5
34. Kf2 a5 35. Nb3 Rf5 36. Ke3 b4 37. cxb4 axb4 38. Rd4 g5 39. Rxb4 gxf4+ 40.
Rxf4 Rg5 41. Kf3 Rb5 42. Re4+ Kd7 43. Re2 d5 44. Nd4 Rb4 45. Rd2 Kd6 46. Ke3
Kc5 47. Rc2+ Kd6 48. a3 Ra4 49. b3 1-0

[Event "Guernsey International Holiday 2014"]
[Site "Guernsey, GCI"]
[Date "2014.10.23"]
[Round "5"]
[White "Kearsley, Raymond J"]
[Black "Haisma, Henk"]
[Result "0-1"]
[WhiteElo "1638"]
[BlackElo "1694"]
[PlyCount "72"]
[EventDate "2014.10.19"]
[EventType "swiss"]
[EventRounds "7"]
[SourceDate "2015.01.07"]

1. e4 c5 2. Nf3 e6 3. d4 cxd4 4. c3 d3 5. Bxd3 Nc6 6. O-O d6 7. c4 Nf6 8. Nc3
Be7 9. Qe2 O-O 10. Rd1 e5 11. h3 b6 12. Be3 Qc7 13. Rac1 Qb8 14. Bb1 Nd8 15. a3
Ne6 16. b4 Ba6 17. Qd3 g6 18. Nd5 Nxd5 19. exd5 Ng7 20. g4 Qd8 21. Qd2 Rc8 22.
b5 Bb7 23. Kh2 Rc7 24. Qb4 f5 25. Nxe5 Bf6 26. Nd3 fxg4 27. hxg4 Bg5 28. Qd2
Bxe3 29. Qxe3 Bc8 30. Qg3 Rcf7 31. Rf1 Rf3 32. Qg2 Qh4+ 33. Kg1 Bxg4 34. Ne1
R3f4 35. Rc3 Be2 36. Nd3 Rg4 0-1

[Event "Guernsey International Holiday 2014"]
[Site "Guernsey, GCI"]
[Date "2014.10.23"]
[Round "5"]
[White "Kershaw, Graham J"]
[Black "Beadle, John"]
[Result "1/2-1/2"]
[WhiteElo "1773"]
[BlackElo "1690"]
[PlyCount "56"]
[EventDate "2014.10.19"]
[EventType "swiss"]
[EventRounds "7"]
[SourceDate "2015.01.07"]

1. e4 c6 2. d4 d5 3. exd5 cxd5 4. c4 Nf6 5. Nc3 g6 6. Bf4 Nc6 7. Nf3 Bg7 8. h3
Bf5 9. a3 a5 10. c5 O-O 11. Bb5 Be4 12. O-O Bxf3 13. gxf3 Nh5 14. Be3 Qc8 15.
Bxc6 bxc6 16. Kg2 e5 17. Ne2 f5 18. f4 exf4 19. Nxf4 Nxf4+ 20. Bxf4 Re8 21. Qd2
Re4 22. Bd6 Rxd4 23. Qg5 Qe6 24. Rab1 Re8 25. b4 axb4 26. axb4 Bf6 27. Qg3 Bh4
28. Qf3 Qe4 1/2-1/2

[Event "Guernsey International Holiday 2014"]
[Site "Guernsey, GCI"]
[Date "2014.10.23"]
[Round "5"]
[White "Foster, Paul"]
[Black "Cook, Chris RD"]
[Result "0-1"]
[WhiteElo "1690"]
[BlackElo "1765"]
[PlyCount "58"]
[EventDate "2014.10.19"]
[EventType "swiss"]
[EventRounds "7"]
[SourceDate "2015.01.07"]

1. e4 d5 2. exd5 Qxd5 3. Nc3 Qd6 4. d4 Nf6 5. g3 c6 6. Bf4 Qb4 7. Nge2 Nd5 8.
Bd2 Nxc3 9. Bxc3 Qd6 10. Bg2 Bf5 11. O-O Nd7 12. Qd2 e6 13. Nf4 Nf6 14. Rfe1
Be7 15. d5 Rd8 16. Rad1 cxd5 17. Bxf6 gxf6 18. Nh5 Rg8 19. Nf4 Bg4 20. f3 Qb6+
21. Kh1 Bf5 22. g4 Bg6 23. Nd3 Qc7 24. h4 Qg3 25. h5 Bd6 26. Kg1 Bxd3 27. Qxd3
Bc5+ 28. Re3 Bxe3+ 29. Qxe3 Rxg4 0-1

[Event "Guernsey International Holiday 2014"]
[Site "Guernsey, GCI"]
[Date "2014.10.23"]
[Round "5"]
[White "Goman, Colin"]
[Black "Collins, Alan"]
[Result "1-0"]
[WhiteElo "1516"]
[BlackElo "1645"]
[PlyCount "77"]
[EventDate "2014.10.19"]
[EventType "swiss"]
[EventRounds "7"]
[SourceDate "2015.01.07"]

1. d4 d6 2. c4 e5 3. d5 f5 4. Nc3 Nf6 5. e4 fxe4 6. Bg5 Nbd7 7. Nxe4 Be7 8.
Nxf6+ Nxf6 9. Qc2 O-O 10. f3 Ne8 11. h4 Bf5 12. Bd3 Bxd3 13. Qxd3 Bxg5 14. hxg5
g6 15. Qe3 c6 16. O-O-O cxd5 17. Rxd5 Nc7 18. Rd2 Ne6 19. Nh3 Nd4 20. Nf2 Rc8
21. b3 b5 22. Rxd4 exd4 23. Qe6+ Rf7 24. Ne4 Qe7 25. Qxc8+ Kg7 26. Qc6 bxc4 27.
Qxc4 Qe5 28. Rd1 d5 29. Qxd4 Qxd4 30. Rxd4 dxe4 31. Rxe4 h6 32. gxh6+ Kxh6 33.
Kc2 Kg5 34. a4 Rf4 35. Rxf4 Kxf4 36. Kd3 Kg3 37. Ke4 a5 38. f4 Kxg2 39. f5 1-0

[Event "Guernsey International Holiday 2014"]
[Site "Guernsey, GCI"]
[Date "2014.10.23"]
[Round "5"]
[White "Norman, Dinah M"]
[Black "Colsen, Manuel"]
[Result "1/2-1/2"]
[WhiteElo "1735"]
[BlackElo "1555"]
[PlyCount "83"]
[EventDate "2014.10.19"]
[EventType "swiss"]
[EventRounds "7"]
[SourceDate "2015.01.07"]

1. d4 d5 2. Nf3 Nf6 3. e3 g6 4. c4 c6 5. Nc3 Bg7 6. Qb3 O-O 7. cxd5 cxd5 8. Be2
e6 9. O-O Nc6 10. Bd2 a6 11. Rfd1 b5 12. a3 Na5 13. Qa2 Nc4 14. Be1 Bb7 15. b3
Nd6 16. Rac1 Rc8 17. Nb1 Nde4 18. Rxc8 Qxc8 19. Qb2 Qb8 20. Ne5 Rc8 21. Rc1 Bf8
22. h3 h5 23. Bd3 Bd6 24. Rxc8+ Qxc8 25. Nf3 Kg7 26. Nfd2 Qc7 27. Nxe4 dxe4 28.
Be2 Nd5 29. Bd1 f5 30. Qc2 Qxc2 31. Bxc2 b4 32. a4 a5 33. Nd2 Nc3 34. Nc4 Bc7
35. Bxc3 bxc3 36. Kf1 Ba6 37. Ke1 Kf6 38. Bd1 Ke7 39. Be2 Bxc4 40. Bxc4 Bd6 41.
Kd1 Bb4 42. Kc2 1/2-1/2

[Event "Guernsey International Holiday 2014"]
[Site "Guernsey, GCI"]
[Date "2014.10.23"]
[Round "5"]
[White "Joyeux, Gerard"]
[Black "Kay, Robert"]
[Result "1-0"]
[WhiteElo "1692"]
[BlackElo "1555"]
[PlyCount "79"]
[EventDate "2014.10.19"]
[EventType "swiss"]
[EventRounds "7"]
[SourceDate "2015.01.07"]

1. d4 Nf6 2. Nc3 e6 3. e4 Bb4 4. Bg5 h6 5. Bd2 Bxc3 6. Bxc3 O-O 7. Bd3 b6 8. h3
Bb7 9. Qe2 d6 10. O-O-O Nbd7 11. f3 Nh5 12. Qf2 c5 13. g4 Nf4 14. Bb5 d5 15.
Bd2 Ng6 16. Ne2 Rc8 17. h4 dxe4 18. dxc5 Rc7 19. Be3 Qc8 20. Bxd7 Rxd7 21. cxb6
a6 22. f4 Bd5 23. Nc3 Rfd8 24. Nxd5 exd5 25. Bd4 Ne7 26. Rh3 Nc6 27. Rc3 Qb7
28. f5 f6 29. g5 hxg5 30. hxg5 fxg5 31. f6 Rf7 32. Bc5 gxf6 33. Qf5 Ne5 34. Bd4
Qd7 35. Qf1 Qb7 36. Rc7 Rxc7 37. bxc7 Rf8 38. Qf5 Qc8 39. Qf1 Qxc7 40. Qxa6 1-0

[Event "Guernsey International Holiday 2014"]
[Site "Guernsey, GCI"]
[Date "2014.10.23"]
[Round "5"]
[White "Jongerius, Marc"]
[Black "Livermore, Richard"]
[Result "0-1"]
[WhiteElo "1701"]
[BlackElo "1619"]
[PlyCount "124"]
[EventDate "2014.10.19"]
[EventType "swiss"]
[EventRounds "7"]
[SourceDate "2015.01.07"]

1. e4 d5 2. exd5 Qxd5 3. Nc3 Qa5 4. d4 c6 5. Bd2 Qc7 6. Nf3 Bf5 7. Be2 e6 8.
Qc1 Bd6 9. g3 Nd7 10. Be3 Ngf6 11. Qd2 O-O 12. Bd3 Bg4 13. Be2 Rfd8 14. Rg1 Bb4
15. Qc1 Ne4 16. Bd2 Nxd2 17. Nxd2 Nf6 18. Bxg4 Nxg4 19. Nf3 c5 20. Qf4 Qa5 21.
Qxg4 Bxc3+ 22. bxc3 Qxc3+ 23. Ke2 Qxc2+ 24. Kf1 cxd4 25. Nxd4 Qc4+ 26. Kg2 Rxd4
27. Qf3 Qd5 28. Rgd1 Rd8 29. Rxd4 Qxf3+ 30. Kxf3 Rxd4 31. Ke3 Rd7 32. Rc1 Kf8
33. h4 Ke7 34. f4 f5 35. Rc2 g6 36. Rh2 Kf6 37. Rc2 h6 38. Rc3 g5 39. Ke2 gxh4
40. gxh4 Rd4 41. Kf3 Ra4 42. a3 b5 43. h5 a5 44. Rb3 b4 45. axb4 axb4 46. Ke2
e5 47. fxe5+ Kxe5 48. Re3+ Kf6 49. Rg3 Ra2+ 50. Kd1 Rh2 51. Rg6+ Kf7 52. Rxh6
b3 53. Rb6 b2 54. h6 f4 55. Rb7+ Kg8 56. Rg7+ Kh8 57. Rb7 f3 58. Ke1 b1=Q+ 59.
Rxb1 Rh1+ 60. Kf2 Rxb1 61. Kxf3 Rg1 62. Kf4 Kh7 0-1

[Event "Guernsey International Holiday 2014"]
[Site "Guernsey, GCI"]
[Date "2014.10.23"]
[Round "5"]
[White "Van Beek, Ronald"]
[Black "Bakkes, Frits"]
[Result "1/2-1/2"]
[WhiteElo "1290"]
[BlackElo "1630"]
[PlyCount "49"]
[EventDate "2014.10.19"]
[EventType "swiss"]
[EventRounds "7"]
[SourceDate "2015.01.07"]

1. d4 d5 2. c4 c6 3. Nc3 e6 4. e4 dxe4 5. Nxe4 Bb4+ 6. Nc3 Nf6 7. a3 Bxc3+ 8.
bxc3 Qa5 9. Bd2 O-O 10. Bd3 e5 11. f3 Re8 12. Ne2 e4 13. fxe4 Nxe4 14. O-O Bg4
15. Qc2 Bxe2 16. Bxe2 Ng3 17. hxg3 Rxe2 18. Qd3 Re8 19. c5 Qd8 20. Qc4 Qd7 21.
Rf2 Qe6 22. Re1 Qd7 23. Ref1 Qe6 24. Re1 Qd7 25. Ref1 1/2-1/2

[Event "Guernsey International Holiday 2014"]
[Site "Guernsey, GCI"]
[Date "2014.10.23"]
[Round "5"]
[White "Kok, Franciscus"]
[Black "Borland, Tom"]
[Result "1/2-1/2"]
[WhiteElo "1514"]
[BlackElo "1597"]
[PlyCount "40"]
[EventDate "2014.10.19"]
[EventType "swiss"]
[EventRounds "7"]
[SourceDate "2015.01.07"]

1. d4 d5 2. e3 Nf6 3. Nc3 g6 4. Bb5+ c6 5. Be2 Bg7 6. Nf3 O-O 7. O-O Bg4 8. Ne5
Bxe2 9. Qxe2 Nbd7 10. Nxd7 Qxd7 11. h3 Ne4 12. Nxe4 dxe4 13. f3 exf3 14. Rxf3
e5 15. c3 exd4 16. exd4 Rae8 17. Re3 Rxe3 18. Qxe3 Re8 19. Qf2 Re6 20. Bd2 Qe8
1/2-1/2

[Event "Guernsey International Holiday 2014"]
[Site "Guernsey, GCI"]
[Date "2014.10.23"]
[Round "5"]
[White "Watson, Jim"]
[Black "Harnden, Terry"]
[Result "1-0"]
[WhiteElo "1735"]
[BlackElo "1496"]
[PlyCount "115"]
[EventDate "2014.10.19"]
[EventType "swiss"]
[EventRounds "7"]
[SourceDate "2015.01.07"]

1. d4 Nf6 2. Nc3 e6 3. e4 d5 4. e5 Ne4 5. Bd3 Bb4 6. Nge2 Bxc3+ 7. bxc3 b6 8.
Ba3 f6 9. O-O Ng5 10. f4 Ne4 11. Ng3 f5 12. Bxe4 dxe4 13. Re1 Qh4 14. Nh5 Rg8
15. Re3 Qg4 16. Qxg4 fxg4 17. Rg3 Nd7 18. Rxg4 Kf7 19. Rf1 Ba6 20. Re1 Bb7 21.
Ng3 Bd5 22. Nxe4 h6 23. Ng3 g6 24. Nf1 Rac8 25. Ne3 Be4 26. Rh4 Rh8 27. g4 Rcg8
28. Rh3 h5 29. g5 a6 30. c4 Rd8 31. d5 exd5 32. cxd5 Nb8 33. c4 c5 34. e6+ Ke7
35. Bb2 Rhf8 36. Bf6+ Rxf6 37. gxf6+ Kxf6 38. Nf1 Bf5 39. Rb3 Rd6 40. Ng3 Ke7
41. Re5 Bc2 42. Rf3 Bd1 43. Rf2 Bg4 44. f5 gxf5 45. Nxf5+ Bxf5 46. Rfxf5 Rd8
47. Rf7+ Kd6 48. Rg5 Re8 49. Rgg7 a5 50. Rb7 Ke5 51. Rxb6 Kd4 52. Rgb7 Rg8+ 53.
Kf1 Rf8+ 54. Rf7 Rxf7+ 55. exf7 Nd7 56. Rb7 Nf8 57. d6 Ke5 58. d7 1-0

[Event "Guernsey International Holiday 2014"]
[Site "Guernsey, GCI"]
[Date "2014.10.23"]
[Round "5"]
[White "Newrick, William R"]
[Black "Jones, Tim"]
[Result "0-1"]
[WhiteElo "1383"]
[BlackElo "1518"]
[PlyCount "56"]
[EventDate "2014.10.19"]
[EventType "swiss"]
[EventRounds "7"]
[SourceDate "2015.01.07"]

1. d4 Nf6 2. Nf3 e6 3. c4 d5 4. e3 Be7 5. Nc3 O-O 6. Be2 c5 7. cxd5 exd5 8.
dxc5 Bxc5 9. O-O Nc6 10. Nd4 a6 11. Bf3 Re8 12. a3 Ne5 13. b4 Nxf3+ 14. Qxf3
Bg4 15. Qg3 Bd6 16. f4 Bd7 17. Qe1 b5 18. Qd2 Ne4 19. Nxe4 dxe4 20. f5 Be5 21.
Bb2 Rc8 22. Rac1 Qe7 23. Rxc8 Rxc8 24. Rc1 Rxc1+ 25. Qxc1 Qd6 26. h3 h6 27. Qc2
Qe7 28. Qxe4 Bh2+ 0-1

[Event "Guernsey International Holiday 2014"]
[Site "Guernsey, GCI"]
[Date "2014.10.23"]
[Round "5"]
[White "Svenneling, Matz"]
[Black "Bennett, David"]
[Result "1-0"]
[WhiteElo "1504"]
[BlackElo "1360"]
[PlyCount "51"]
[EventDate "2014.10.19"]
[EventType "swiss"]
[EventRounds "7"]
[SourceDate "2015.01.07"]

1. e4 e6 2. d4 c5 3. d5 exd5 4. exd5 d6 5. Bd3 Nf6 6. c4 Nbd7 7. f4 Be7 8. Nf3
O-O 9. O-O Nb6 10. Qc2 g6 11. b3 Nh5 12. Nc3 Bf6 13. Bd2 Ng7 14. Rae1 Bg4 15.
Ng5 Bd4+ 16. Kh1 Bf5 17. Nb5 Bxd3 18. Qxd3 Bf6 19. Ne4 Nc8 20. Nxf6+ Kh8 21.
Bc3 Ne7 22. Qh3 h5 23. g4 Ng8 24. gxh5 Nxf6 25. hxg6+ Kg8 26. Bxf6 1-0

[Event "Guernsey International Holiday 2014"]
[Site "Guernsey, GCI"]
[Date "2014.10.23"]
[Round "5"]
[White "Brown, Jim"]
[Black "Le Messurier, Rosemary"]
[Result "1/2-1/2"]
[WhiteElo "1195"]
[BlackElo "1210"]
[PlyCount "43"]
[EventDate "2014.10.19"]
[EventType "swiss"]
[EventRounds "7"]
[SourceDate "2015.01.07"]

1. Nf3 d6 2. d4 Nf6 3. e3 c6 4. b3 b5 5. Bb2 Bg4 6. Be2 Bxf3 7. Bxf3 d5 8. Nd2
e6 9. a3 g6 10. h3 a5 11. Be2 Bg7 12. Rc1 O-O 13. O-O b4 14. a4 Na6 15. Bxa6
Rxa6 16. Qe2 Rb6 17. Rfe1 Ne4 18. Nxe4 dxe4 19. Red1 Re8 20. Rb1 Qc7 21. Rd2
Rd8 22. Rdd1 1/2-1/2

[Event "Guernsey International Holiday 2014"]
[Site "Guernsey, GCI"]
[Date "2014.10.24"]
[Round "6"]
[White "Baart, Edwin"]
[Black "Glover, John"]
[Result "1/2-1/2"]
[WhiteElo "1681"]
[BlackElo "1735"]
[PlyCount "78"]
[EventDate "2014.10.19"]
[EventType "swiss"]
[EventRounds "7"]
[SourceDate "2015.01.07"]

1. d4 Nf6 2. Nf3 c5 3. g3 e6 4. Bg2 d5 5. O-O Be7 6. e3 O-O 7. b3 Nc6 8. Bb2 b6
9. Nbd2 Bd7 10. c4 Rc8 11. Ne5 Rc7 12. f4 Bc8 13. Nxc6 Rxc6 14. e4 dxe4 15.
Nxe4 Nxe4 16. Bxe4 Rd6 17. d5 f6 18. Qh5 g6 19. Qe2 Bb7 20. Rad1 exd5 21. Bxd5+
Bxd5 22. Rxd5 Rxd5 23. Qe6+ Rf7 24. cxd5 Qd6 25. Rd1 Kg7 26. Kf2 Rf8 27. Re1
Qxe6 28. Rxe6 Kf7 29. Re2 Rd8 30. Rd2 Bd6 31. Kf3 Rd7 32. g4 Bf8 33. h4 f5 34.
Be5 Bd6 35. gxf5 gxf5 36. h5 Bf8 37. Ke3 Bh6 38. Kf3 Bf8 39. Ke3 Bd6 1/2-1/2

[Event "Guernsey International Holiday 2014"]
[Site "Guernsey, GCI"]
[Date "2014.10.24"]
[Round "6"]
[White "Bateman, Kerry"]
[Black "O'Connell, Denis"]
[Result "0-1"]
[WhiteElo "1717"]
[BlackElo "1628"]
[PlyCount "44"]
[EventDate "2014.10.19"]
[EventType "swiss"]
[EventRounds "7"]
[SourceDate "2015.01.07"]

1. e4 d5 2. exd5 Nf6 3. Bb5+ Nbd7 4. Nf3 a6 5. Ba4 b5 6. Bb3 Nc5 7. d6 Nxb3 8.
dxc7 Qxc7 9. axb3 Bg4 10. O-O e6 11. d4 Bd6 12. g3 Qc6 13. Kg2 h5 14. Qd3 h4
15. Nbd2 hxg3 16. Re1 Rxh2+ 17. Kf1 g2+ 18. Ke2 Rh1 19. Ne4 Qxe4+ 20. Qxe4 Nxe4
21. Be3 Rxe1+ 22. Rxe1 Bh2 0-1

[Event "Guernsey International Holiday 2014"]
[Site "Guernsey, GCI"]
[Date "2014.10.24"]
[Round "6"]
[White "Stuart, Brian"]
[Black "Ruigrok, Jacques"]
[Result "0-1"]
[WhiteElo "1735"]
[BlackElo "1704"]
[PlyCount "28"]
[EventDate "2014.10.19"]
[EventType "swiss"]
[EventRounds "7"]
[SourceDate "2015.01.07"]

1. e4 e5 2. Nf3 Nc6 3. Bb5 f5 4. Bxc6 dxc6 5. d4 exd4 6. Nxd4 Nf6 7. O-O Bd6 8.
f4 O-O 9. c3 Qe7 10. Nd2 c5 11. Re1 cxd4 12. cxd4 c5 13. Nc4 cxd4 14. Nxd6 Qxd6
0-1

[Event "Guernsey International Holiday 2014"]
[Site "Guernsey, GCI"]
[Date "2014.10.24"]
[Round "6"]
[White "Haisma, Henk"]
[Black "Joyeux, Gerard"]
[Result "1-0"]
[WhiteElo "1694"]
[BlackElo "1692"]
[PlyCount "63"]
[EventDate "2014.10.19"]
[EventType "swiss"]
[EventRounds "7"]
[SourceDate "2015.01.07"]

1. b4 a5 2. b5 c6 3. e3 e6 4. Nf3 cxb5 5. Bxb5 Nc6 6. a3 Nf6 7. O-O Na7 8. Be2
b6 9. c4 Bb7 10. d3 Rc8 11. Bb2 Be7 12. Qb3 O-O 13. Bd4 Bc5 14. Bxf6 Qxf6 15.
d4 Bxf3 16. Bxf3 Rb8 17. Nc3 Be7 18. Qa4 Nc6 19. Bxc6 dxc6 20. Qxc6 Qg6 21.
Rfc1 Qd3 22. Qa4 Rfc8 23. Nb5 Qf5 24. Na7 Rc7 25. Nc6 Rbc8 26. Nxe7+ Rxe7 27.
Rab1 Rb7 28. c5 Qd5 29. cxb6 Rxc1+ 30. Rxc1 Qd8 31. Qc6 Rb8 32. b7 1-0